1963 1733 1941 1043 1556 1436 1775 1238 1915 1965 1333 1775 1437 1647 1243 1375 1072 1248 1892 1088 1135 1660 1624 1074 1477 1421 1215 1400 1162 1376 1269 1611 1860 1355 1150 1198 1969 1195 1756 1131 1310 1043 1748 1176 1491 1315 1303 1101 1784 1915 1900 1219 1971 1460 1685 1959 1143 1520 1445 1801 1248 1696 1041 1715 1253 1760 1742 1019 1394 1438 1071 1074 1397 1106 1290 1778 1023 1090 1270 1889 1435 1676 1627 1889 1175 1099 1723 1461 1768 1962 1474 1596 1213 1561 1492 1006 1098 1103 1377 BCNSPRNW ULIB Ver.6.0+V

เปลี่ยนเป็นภาษาไทย

Change to English
 แสดงรายละเอียดบรรณานุกรม
  กลับหน้าหลัก

Brief Record : Get Marc (ISO 2709) : E-mail record : QR code < ปิดหน้าต่าง
LEADER : 00000nam 2200000uu 4500
001    13399112410
003     ULIB
008    110815s||||||||th 000 0 tha d
020    9786165000192
090    นว.^bล258ห 2553
100 0  ลัลล์ลลิล
245 00 เหมันต์นิรันดร/^cลัลล์ลลิล
250    พิมพ์ครั้งที่ 1
260    กรุงเทพฯ :^bพิมพ์คำ,^c2553
300    414 หน้า
710 1  พิมพ์คำ
945    ^p260^l0^i16989
995    กัณชพร
999    ^aใช้งานได้ทุกระบบ
รายการนี้ยังไม่มีแท็ก
คุณยังไม่ได้ล็อกอิน คุณสามารถมีกิจกรรมร่วมกับเว็บไซต์ได้ แต่ต้องล็อกอินก่อน ::
  ล็อกอิน

รายการสื่อสารสนเทศ

ลำดับที่ ประเภท เลขเรียก/บาร์โค้ด สถานที่ สถานะ
1. วิทยาศาสตร์การแพทย์ และสุขภาพ
วิทยาศาสตร์การแพทย์ และสุขภาพ
นว. ล258ห 2553  
  Barcode: 16989
ห้องสมุดวิทยาเขตสวรรค์ประชารักษ์
►นวนิยาย
บนชั้น
  ขอยืม

รายการใกล้เคียง
    ผู้แต่ง [ลัลล์ลลิล]

BibComment


ยังไม่เคยถูกคอมเมนท์

คอมเมนท์ทรัพยากรรายการนี้
  คอมเมนท์: เหมันต์นิรันดร ลั..


 Copyright 2026. Bcnsprnw @Library